Statistics for Members of the Fatal Five (Big Brother 18)

Click here to take the quiz!

General Stats

  • This quiz has been taken 8 times
  • The average score is 4 of 5

Answer Stats

Answer % Correct
Nicole
100%
Tiffany
86%
Da'Vonne
86%
Michelle
86%
Zakiyah
71%

Score Distribution

Percentile by Number Answered

Percent of People with Each Score

Your Score History

You have not taken this quiz